[Event "Moscow op (Women) 16th"]
[Site "Moscow"]
[Date "2020.02.02"]
[Round "9"]
[White "Filippova, Margarita"]
[Black "Volegova, Polina"]
[Result "1-0"]
[WhiteElo "1948"]
[BlackElo "1780"]
[PlyCount "73"]
[EventDate "2020.01.25"]
[EventType "swiss"]
[EventRounds "9"]
[EventCountry "RUS"]
[SourceTitle "CBM 194 Extra"]
[Source "ChessBase"]
[SourceDate "2020.03.31"]
[SourceVersion "1"]
[SourceVersionDate "2020.03.31"]
[SourceQuality "1"]

1. Nf3 Nf6 2. c4 e6 3. Nc3 Bb4 4. Qc2 c5 5. a3 Ba5 6. g3 Nc6 7. Bg2 Bc7 8. 0-0 0-0 9. d3 a6 10. Rb1 Qe7 11. e4 Rb8 12. Re1 Ba5 13. e5 Ne8 14. Re4 Bxc3 15. Qxc3 f6 16. exf6 Nxf6 17. Re1 b5 18. Bf4 Rb6 19. d4 b4 20. axb4 Rxb4 21. d5 Na5 22. b3 Nb7 23. dxe6 dxe6 24. Ne5 Rb6 25. Qe3 Na5 26. Re2 Bb7 27. Bxb7 Rxb7 28. Qc3 Qd8 29. Bd2 Rb4 30. Qc2 Rb7 31. Qa2 Nxb3 32. Rxb3 Rxb3 33. Qxb3 Ne4 34. Qd3 Nxd2 35. Rxd2 Qf6 36. Nd7 Qa1+ 37. Rd1 1-0

[Event "Moscow op (Women) 16th"]
[Site "Moscow"]
[Date "2020.01.31"]
[Round "7"]
[White "Volegova, Polina"]
[Black "Golubenko, Valentina"]
[Result "0-1"]
[WhiteElo "1780"]
[BlackElo "2223"]
[PlyCount "60"]
[EventDate "2020.01.25"]
[EventType "swiss"]
[EventRounds "9"]
[EventCountry "RUS"]
[SourceTitle "CBM 194 Extra"]
[Source "ChessBase"]
[SourceDate "2020.03.31"]
[SourceVersion "1"]
[SourceVersionDate "2020.03.31"]
[SourceQuality "1"]

1. e4 e6 2. d4 d5 3. Nc3 Be7 4. Nf3 Nf6 5. e5 Nfd7 6. h4 c5 7. Bb5 Nc6 8. Bxc6 bxc6 9. Ne2 cxd4 10. Qxd4 Ba6 11. Qg4 Qa5+ 12. c3 Bxe2 13. Qxg7 0-0-0 14. Kxe2 Qb5+ 15. Ke1 Bc5 16. Qh6 Rdg8 17. g3 Rg4 18. Ng5 Qd3 19. Qg7 Bxf2+ 20. Kxf2 Qxg3+ 21. Ke2 Qg2+ 22. Kd1 Qxh1+ 23. Kc2 Qh2+ 24. Kb1 Qxe5 25. Qxf7 Rxg5 26. Bxg5 Qe4+ 27. Kc1 Rf8 28. Qh5 Rf1+ 29. Kd2 Rf2+ 30. Kd1 Qh1# 0-1

[Event "Moscow op (Women) 16th"]
[Site "Moscow"]
[Date "2020.01.29"]
[Round "5"]
[White "Volegova, Polina"]
[Black "Ismayil, Malak"]
[Result "1-0"]
[WhiteElo "1780"]
[BlackElo "1974"]
[PlyCount "65"]
[EventDate "2020.01.25"]
[EventType "swiss"]
[EventRounds "9"]
[EventCountry "RUS"]
[SourceTitle "CBM 194 Extra"]
[Source "ChessBase"]
[SourceDate "2020.03.31"]
[SourceVersion "1"]
[SourceVersionDate "2020.03.31"]
[SourceQuality "1"]

1. e4 e5 2. Nf3 Nc6 3. Bc4 Bc5 4. d3 Nf6 5. c3 d6 6. 0-0 a6 7. Bb3 Ba7 8. h3 h6 9. Nbd2 0-0 10. Re1 Re8 11. Nf1 d5 12. Qe2 Be6 13. Ng3 Qd7 14. Be3 d4 15. Bc1 Red8 16. Bxe6 fxe6 17. c4 Qd6 18. Nh2 Rf8 19. a3 a5 20. Rf1 a4 21. f4 Rf7 22. Ng4 Raf8 23. f5 Kh7 24. Nxf6+ Rxf6 25. Nh5 R6f7 26. f6 g6 27. Qd2 gxh5 28. Qxh6+ Kg8 29. Qg6+ Kh8 30. Bh6 Qd8 31. Bg7+ Kg8 32. Qh6 Rd7 33. f7+ 1-0

[Event "Moscow Time of the First U15 Girls"]
[Site "Moscow"]
[Date "2019.06.18"]
[Round "2"]
[White "Volegova, Polina"]
[Black "Kastanieda, Alla"]
[Result "1-0"]
[WhiteElo "1667"]
[BlackElo "1339"]
[PlyCount "136"]
[EventDate "2019.06.17"]
[EventType "swiss"]
[EventRounds "9"]
[EventCountry "RUS"]
[SourceTitle "EXT 2021"]
[Source "ChessBase"]
[SourceDate "2020.10.23"]
[SourceVersion "1"]
[SourceVersionDate "2020.10.23"]
[SourceQuality "1"]

1. e4 e6 2. d4 d5 3. Nc3 Nf6 4. Bg5 Bb4 5. e5 h6 6. exf6 hxg5 7. fxg7 Rg8 8. Qh5 Qf6 9. Nf3 Qxg7 10. 0-0-0 Bxc3 11. bxc3 Nd7 12. Nd2 c5 13. Qg4 c4 14. f4 f5 15. Qe2 Nb6 16. fxg5 Qe7 17. Qh5+ Kd8 18. Nb1 Qxg5+ 19. Qxg5+ Rxg5 20. h4 Rh5 21. Be2 Rh6 22. g4 fxg4 23. Bxg4 Nd7 24. Rde1 Ke7 25. Nd2 Nf6 26. Bf3 Bd7 27. Reg1 Kf7 28. Be2 Rg8 29. Nf3 Rxg1+ 30. Rxg1 Be8 31. Kb2 a6 32. Bf1 Ne4 33. Bh3 b5 34. Ne5+ Kf8 35. Rg4 Nf6 36. Rf4 Ke7 37. Ka3 a5 38. Kb2 Kd6 39. a3 Ke7 40. Bg2 Kd6 41. Bh3 Ke7 42. Bf1 Kd6 43. Bg2 Ke7 44. Kc1 Kd6 45. Kd2 Ke7 46. Ke3 Kd6 47. Bf3 Ke7 48. Kf2 Kd6 49. Kg2 Ke7 50. Kh3 Bh5 51. Bxh5 Rxh5 52. Nc6+ Kf7 53. Nxa5 Kg6 54. Nc6 Ne4 55. Ne5+ Kg7 56. Rf7+ Kg8 57. Re7 Kf8 58. Ng6+ Kg8 59. Rxe6 Kf7 60. Rb6 Nxc3 61. Kg4 Rh7 62. h5 Rg7 63. Kf5 Rh7 64. Ne5+ Kg7 65. Rg6+ Kf8 66. h6 Ne2 67. Rf6+ Ke8 68. Kg6 Rh8 1-0

[Event "Moscow Time of the First U15 Girls"]
[Site "Moscow"]
[Date "2019.06.17"]
[Round "1"]
[White "Gorlykina, Anastasiya"]
[Black "Volegova, Polina"]
[Result "1/2-1/2"]
[WhiteElo "1260"]
[BlackElo "1667"]
[PlyCount "74"]
[EventDate "2019.06.17"]
[EventType "swiss"]
[EventRounds "9"]
[EventCountry "RUS"]
[SourceTitle "EXT 2021"]
[Source "ChessBase"]
[SourceDate "2020.10.23"]
[SourceVersion "1"]
[SourceVersionDate "2020.10.23"]
[SourceQuality "1"]

1. b3 e5 2. Bb2 Nc6 3. e3 Nf6 4. Nf3 e4 5. Nd4 Nxd4 6. exd4 d5 7. Be2 Bd6 8. d3 0-0 9. 0-0 c6 10. Nd2 e3 11. fxe3 Qe7 12. e4 dxe4 13. dxe4 Nxe4 14. Bd3 Nxd2 15. Qxd2 Qh4 16. g3 Qh3 17. Qg2 Qh6 18. Qf2 Bh3 19. Rfe1 Rac8 20. Bf5 Bxf5 21. Qxf5 Bb4 22. c3 Qd2 23. Qf2 Qxf2+ 24. Kxf2 Bd6 25. Re2 a5 26. c4 b5 27. c5 Bc7 28. Rd1 f5 29. Bc1 f4 30. gxf4 Bxf4 31. Bxf4 Rxf4+ 32. Kg3 Rcf8 33. d5 Rf3+ 34. Kg2 cxd5 35. Rxd5 R3f6 36. Rd1 Rg6+ 37. Kh1 Rc8 1/2-1/2